000 01304nam a22003137a 4500
001 BR8601677
003 BR-BrBNA
005 20230928092251.0
007 ta
008 230509b bl.||||| |||| 00| 0 por d
040 _aBR-BrBNA
_bpor
_cBiblioteca Nacional de Agricultura
041 _a(Por)
072 _aL02; L51; L53
_b5300
090 _ 5300 BR8601677
100 1 _aNeves, M.T.D. das
110 1 _aUniversidade Federal de Vicosa, MG (Brasil)
_0Tese (Magister Scientiae)
245 1 _aEfeitos do aleitamento controlado em diferentes periodos de lactacao, associado ou nao com tratamento de gonadotropinas, na eficiencia reprodutiva de porcas em lactacao e no desempenho dos leitoes
246 1 _a[Effect of controlled milking in different lactation periods, associated or not with gonadotropin treatment, on the reproductive efficiency of lactating sows and on piglets performance]
260 3 _aVicosa, MG (Brasil):
_c1986.
300 _a67 p.
500 _a17 tables; Bibliography p. 53-60 (73 ref.); Summary (Por). (*) Documento disponível na(o) Universidade Federal de Vicosa, MG (Brazil)
650 _aLEITAO
650 _aSUINO
650 _aLACTACAO
650 _aEFICIENCIA REPRODUTIVA
650 _aGONADOTROPINA
909 _a202309
_bLucia
_c55
_dLucia Elande
942 _cBK
999 _c38007
_d38007